000 01253nab a22002537a 4500
999 _c5606
_d5606
003 OSt
005 20251222104536.0
008 190429b xxu||||| |||| 00| 0 spa d
040 _cPJ
100 _96581
_aRaggio, Guido
245 1 0 _aAbuso sexual infantil desde el análisis con perspectiva de género y respeto a los derechos fundamentales de las niñas, niños y adolescentes /
_cGuido Raggio.
260 _cCiudad Autónoma de Buenos Aires :
_aThomson Reuters La Ley,
_b2025.
300 _ap. 8-26
500 _aCita: AR/DOC/1622/2025.
505 _aSumario: I. Introducción.— II. Juzgar con perspectiva de género.— III. Violencia contra niños/as y adolescentes.— IV. Abuso sexual infantil.— V. Reflexión y propuesta.
505 _tSi te interesa el texto completo, solicitalo a koha@justierradelfuego.gov.ar
650 0 _9343
_aDERECHO PENAL
650 0 _92903
_aABUSO SEXUAL
650 0 _92902
_aDELITOS CONTRA LA INTEGRIDAD SEXUAL
650 0 _92741
_aDERECHOS DE LAS NIÑAS, NIÑOS Y ADOLESCENTES
650 0 _94044
_aPERSPECTIVA DE GÉNERO
773 0 _02658
_93164
_tRevista de derecho penal y criminología. Nº 7 - Agosto 2025
_dCiudad Autónoma de Buenos Aires : Thomson Reuters La Ley, 2017-
_x00347914
942 _2udc
_cANA